Click a Beer Quiz Stats

 Plays Quiz Updated Sep 13, 2018

Also try: Match A Beer
Challenge
Share
Tweet
Embed
Score 0/20 Timer 03:00
0 Plays Today
% Correct
Guinness
87%
Tsingtao
84.4%
Sam Adams
81%
Peroni
77%
Kirin Ichiban
76.7%
Red Stripe
75.7%
Dos Equis
75.6%
Coors
72.7%
Pabst Blue Ribbon
65.6%
Pilsner Urquell
65.6%
% Correct
Heineken
64.3%
Stella Artois
58.4%
Carlsberg
57.3%
Victoria Bitter
57.2%
Labatt Blue
51.5%
Molson
50.5%
Boddingtons
50.5%
Becks
46.9%
San Miguel
46.6%
Smithwicks
43%

You're not logged in!

Compare scores with friends on all Sporcle quizzes.
Join for Free
OR
Log In

You Might Also Like...

Show Comments

Extras

Top Quizzes Today


Score Distribution

Your Account Isn't Verified!

In order to create a playlist on Sporcle, you need to verify the email address you used during registration. Go to your Sporcle Settings to finish the process.

Report this User

Report this user for behavior that violates our Community Guidelines.

Details: